Języki Słowiańskie - Statystyki

Ogólne statystyki
  • Ten quiz został rozwiązany 46 329 razy
  • Średni wynik to 8 z 10
Statystyki odpowiedzi
Liczba native
speakerów
Język % Poprawnych
40 mln Polski
100%
155 mln Rosyjski
98%
30 mln Ukraiński
97%
10 mln Czeski
96%
5,5 mln Słowacki
93%
7,6 mln Białoruski
87%
19 mln Serbsko-chorwacki
79%
2,1 mln Słoweński
72%
9 mln Bułgarski
59%
2 mln Macedoński
46%
Nie znaleziono quizów pasujących do podanych kryteriów
Rozkład punktacji
Procent ludzi z każdym wynikiem
Percentyl według liczby udzielonych odpowiedzi
Twoja historia wyników
Nie rozwiązałeś tego quizu